| 000 | 00474nam a2200169Ia 4500 | ||
|---|---|---|---|
| 003 | OSt | ||
| 005 | 20200707144256.0 | ||
| 008 | 190216s9999||||xx |||||||||||||| ||und|| | ||
| 040 | _coclc | ||
| 082 |
_a951 _bDAV/R |
||
| 100 |
_aDavid, M D _93626 |
||
| 245 | 0 |
_aRise And Growth Of Modern China / _cM D David |
|
| 250 | _a4th Ed. | ||
| 260 |
_bHimalaya Publishing House, _c1986. _aBombay: |
||
| 300 | _a412p | ||
| 942 |
_cBK _2ddc _h951 _iDAV/R _k951 _mDAV/R |
||
| 999 |
_c19880 _d19880 |
||